| 000 | 00747nam a2200241Ia 4500 | ||
|---|---|---|---|
| 008 | 100315s9999 xx 000 0 und d | ||
| 020 | _a0333270762 | ||
| 040 | _cENGLISH | ||
| 082 |
_b10120 _a338.5442 |
||
| 100 | _a"Twiss, Brian C " | ||
| 245 | _aSocial Forecasting for Company Planning | ||
| 260 |
_aLondon _bMacmillan Press _c1982 |
||
| 300 | _a"xxv,310 " | ||
| 365 |
_eRupees _d1 _b0.00 |
||
| 366 | _f0 | ||
| 505 | _gVaibhav Gaikwad | ||
| 530 | _bDonated By RBI Library | ||
| 620 | _a"Social Forecasting for Company Planning, Economic, RBI Book " | ||
| 630 | _aSocial Forecasting for Company Planning | ||
| 650 | _aECONOMIC | ||
| 730 | _aSocial Forecasting for Company Planning | ||
| 942 | _cBOOK | ||
| 999 |
_c484854 _d484851 |
||